000002376 001__ 2376 000002376 005__ 20260410130547.0 000002376 0247_ $$2DOI$$a10.6083/M45T3HRV 000002376 037__ $$aETD 000002376 245__ $$aAll-cause and unintentional injury mortality in Oregon's adult Medicaid population: 1997-2001 000002376 269__ $$a2003 000002376 336__ $$aThesis 000002376 502__ $$bM.P.H. 000002376 540__ $$fCC BY 000002376 542__ $$fIn copyright - single owner 000002376 650__ $$aAccidents$$011051 000002376 650__ $$aMortality$$022435 000002376 650__ $$aMedicaid$$021932 000002376 650__ $$aWounds and Injuries$$028003 000002376 651__ $$aOregon$$041094 000002376 691__ $$aSchool of Medicine$$041369 000002376 692__ $$aDepartment of Public Health and Preventive Medicine$$041444 000002376 7001_ $$aGelow, Jill M. 000002376 8564_ $$98635ae36-a641-43ad-9ccc-3baa8a0af606$$s5357494$$uhttps://digitalcollections.ohsu.edu/record/2376/files/3110_etd.pdf$$ePublic$$2e3f22a8ec4e748fe0992013f9adc77aa$$31 000002376 901__ $$a<p>These documents are archival records. They are retained for historical reference only. </p><p><b>Need an accessible version? Use the ‘Get Accessible Copy’ link above.</b></p> 000002376 905__ $$a/rest/prod/86/23/hx/87/8623hx87b 000002376 909CO $$ooai:digitalcollections.ohsu.edu:2376$$pstudent-work 000002376 956__ $$aGet Accessible Copy$$uhttps://ohsu.libwizard.com/f/requestaccessibledocument 000002376 980__ $$aTheses and Dissertations